[Event "US Open-112"]
[Site "Orlando"]
[Date "2011.08.07"]
[Round "9"]
[White "Lopez, Aldo F"]
[Black "Mulyar, Michael A"]
[Result "0-1"]
[WhiteElo "2182"]
[BlackElo "2410"]
[PlyCount "48"]
[EventDate "2011.07.30"]
[EventType "swiss"]
[EventRounds "9"]
[EventCountry "USA"]
[SourceTitle "CBM 143 Extra"]
[Source "ChessBase"]
[SourceDate "2011.08.29"]
[SourceVersion "1"]
[SourceVersionDate "2011.08.29"]
[SourceQuality "1"]

1. e4 Nf6 2. e5 Nd5 3. d4 d6 4. Bc4 c6 5. Nf3 Bg4 6. 0-0 e6 7. Bb3 dxe5 8. dxe5 Nd7 9. c4 Ne7 10. Bf4 Ng6 11. Bg3 Be7 12. Re1 Nc5 13. Nbd2 Bf5 14. Bc2 Bxc2 15. Qxc2 Qd3 16. Qc1 Qf5 17. Re3 0-0-0 18. a3 h5 19. h3 h4 20. Bh2 Nd3 21. Qc3 Bc5 22. Re2 Ngf4 23. Bxf4 Nxf4 24. Ree1 Qg6 0-1